000 00484nam a2200169Ia 4500
005 20250508150803.0
008 008 250505s9999 xx 000 0 eng d
037 _aTextual
040 _aFEDL
_beng
_cFEDL
041 _aeng
_2eng
084 _a184.1, POP
_qFEDL
100 _aPopper K. R.
245 0 _aOpen society and its enemies, 2 Vols
260 _aLondon, UK
_bRoutledge and Kegan Paul Limited
_c1945
942 _cTEXL
_h184.1, POP
999 _c1325662
_d1325662